| 000 | 00621nam a2200205 a 4500 | ||
|---|---|---|---|
| 999 |
_c1317 _d1317 |
||
| 001 | 9462 | ||
| 003 | BD-DhUAP | ||
| 005 | 20200205132616.0 | ||
| 008 | 200204s pk b | 00eng eng d | ||
| 040 |
_aBD-DhUAP _cBD-DhUAP _bEng _dBD-DhUAP |
||
| 082 | 0 | 0 |
_223 _a342.41 WAD |
| 100 | _a Wade, E. C. S. | ||
| 245 | 1 | 0 |
_aEnglish constitutional law / _cE. C. S. Wade and G. G. Philips. |
| 260 |
_aLahore : _bP. L. D. publishers, _c[...?] |
||
| 300 |
_a140 pages ; _c22 cm. |
||
| 650 | 0 |
_aConstitutional law _zBritish. _96989 |
|
| 700 | _aPhilips, G. G. | ||
| 942 |
_2ddc _cBK _04 |
||